Inventing the Social (Record no. 27310)
[ view plain ]
| 000 -LEADER | |
|---|---|
| fixed length control field | 01258cam a22003614a 4500 |
| 001 - CONTROL NUMBER | |
| control field | muse95580 |
| 003 - CONTROL NUMBER IDENTIFIER | |
| control field | MdBmJHUP |
| 005 - DATE AND TIME OF LATEST TRANSACTION | |
| control field | 20210127151850.0 |
| 006 - FIXED-LENGTH DATA ELEMENTS--ADDITIONAL MATERIAL CHARACTERISTICS | |
| fixed length control field | m o d |
| 007 - PHYSICAL DESCRIPTION FIXED FIELD--GENERAL INFORMATION | |
| fixed length control field | cr||||||||nn|n |
| 008 - FIXED-LENGTH DATA ELEMENTS--GENERAL INFORMATION | |
| fixed length control field | 180130s2018 enk o 00 0 eng d |
| 020 ## - INTERNATIONAL STANDARD BOOK NUMBER | |
| International Standard Book Number | 9780995527768 |
| 020 ## - INTERNATIONAL STANDARD BOOK NUMBER | |
| Canceled/invalid ISBN | 9780995527751 |
| 020 ## - INTERNATIONAL STANDARD BOOK NUMBER | |
| Canceled/invalid ISBN | 099552775X |
| 020 ## - INTERNATIONAL STANDARD BOOK NUMBER | |
| Canceled/invalid ISBN | 0995527768 |
| 040 ## - CATALOGING SOURCE | |
| Original cataloging agency | MdBmJHUP |
| Transcribing agency | MdBmJHUP |
| 245 00 - TITLE STATEMENT | |
| Title | Inventing the Social |
| Statement of responsibility, etc. | edited by Noortje Marres, Michael Guggenheim and Alex Wilkie |
| 250 ## - EDITION STATEMENT | |
| Edition statement | First edition |
| 300 ## - PHYSICAL DESCRIPTION | |
| Extent | 1 online resource (335 Seiten) : |
| Other physical details | Illustrationen |
| 500 ## - GENERAL NOTE | |
| General note | Enthält bibliographische Angaben |
| 506 0# - RESTRICTIONS ON ACCESS NOTE | |
| Terms governing access | Open Access |
| Standardized terminology for access restriction | Unrestricted online access |
| Source of term | star |
| 588 ## - SOURCE OF DESCRIPTION NOTE | |
| Source of description note | Description based on print version record. |
| 655 #7 - INDEX TERM--GENRE/FORM | |
| Genre/form data or focus term | Electronic books. |
| Source of term | local |
| 700 1# - ADDED ENTRY--PERSONAL NAME | |
| Personal name | Wilkie, Alex |
| Relator term | HerausgeberIn. |
| Relator code | edt |
| 700 1# - ADDED ENTRY--PERSONAL NAME | |
| Personal name | Guggenheim, Michael |
| Dates associated with a name | 1972- |
| Relator term | HerausgeberIn. |
| Relator code | edt |
| 700 1# - ADDED ENTRY--PERSONAL NAME | |
| Personal name | Marres, Noortje |
| Dates associated with a name | 1975- |
| Relator term | HerausgeberIn. |
| Relator code | edt |
| 710 2# - ADDED ENTRY--CORPORATE NAME | |
| Corporate name or jurisdiction name as entry element | Project Muse. |
| Relator term | distributor |
| 830 #0 - SERIES ADDED ENTRY--UNIFORM TITLE | |
| Uniform title | Book collections on Project MUSE. |
| 856 40 - ELECTRONIC LOCATION AND ACCESS | |
| Public note | Full text available: |
| Uniform Resource Identifier | <a href="https://muse.jhu.edu/book/81374/">https://muse.jhu.edu/book/81374/</a> |
| Withdrawn status | Lost status | Source of classification or shelving scheme | Damaged status | Not for loan | Home library | Current library | Shelving location | Date acquired | Total Checkouts | Date last seen | Uniform Resource Identifier | Price effective from | Koha item type |
|---|---|---|---|---|---|---|---|---|---|---|---|---|---|
| Digital Library | Digital Library | Online Access | 27.01.2021 | 27.01.2021 | https://muse.jhu.edu/book/81374/ | 27.01.2021 | eBook |